000 00527cam a2200217 4500
008 011017n2001 000 0 eng u
020 _a1841741981
035 _a(Sirsi) u115154
050 _a346.41068
100 _aMorse, G.
245 _aPartnership law
250 _a5th ed.
260 _aLondon
_bBlackstone Press
_c2001
300 _axxv, 281p. ; 23cm.
350 _a14.95
650 _aPARTNERSHIP LAW
650 _aPARTNERSHIPS
650 _aLIMITED LIABILITY PARTNERSHIPS
690 _aLAW
942 _n0
999 _c101716
_d101716